Kluby, które nie spadły z Bundesligi od conajmniej 10 lat - Statystyki

Ogólne statystyki
  • Ten quiz został rozwiązany 27 razy
  • Średni wynik to 8 z 11
Statystyki odpowiedzi
Ostatni sezon bez nich Klub % Poprawnych
1978/1979 Bayer Leverkusen
100%
1975/1976 Borussia Dortmund
100%
1964/1965 Bayern Monachium
96%
1996/1997 VfL Wolfsburg
77%
2007/2008 Borussia Mönchengladbach
69%
2011/2012 Eintracht Frankfurt
69%
2007/2008 TSG 1899 Hoffenheim
62%
2008/2009 FSV Mainz
58%
2015/2016 SC Freiburg
58%
2010/2011 FC Augsburg
54%
2015/2016 RB Leipzig
27%
Nie znaleziono quizów pasujących do podanych kryteriów
Rozkład punktacji
Procent ludzi z każdym wynikiem
Percentyl według liczby udzielonych odpowiedzi
Twoja historia wyników
Nie rozwiązałeś tego quizu